Serie Netflix par personnage - Statistiques

Statistiques générales
  • Ce quiz a été pris 9 331 fois
  • Le résultat moyen est 14 sur 45
Statistiques - réponses
Personnage Série % Correct
Blair, Serena, Chuck Gossip Girl
84%
Mercredi, Enid, Tyler Mercredi
84%
Ginny, Georgia, Marcus Ginny & Georgia
79%
Eleven, Mike, Will Stranger things
79%
John B, JJ, Rafe Outer banks
78%
Betty, Jughead, Archie Riverdale
70%
Samuel, Guzman, Nadia Élite
69%
Otis, Maeve, Eric Sex education
64%
Tokyo, Professeur, Berlin Casa de papel
63%
Devi, Paxton, Ethan Mes premières fois
62%
456, 001, 067 Squid game
59%
Joe, Beck, Love You
56%
Clark, Bellamy, Octavia The 100
55%
Clay, Hannah, Justin 13 reasons why
47%
Emily, Mindy, Gabriel Emily in Paris
44%
Michael, Lincoln, Sara Prison Break
35%
Cinq, Viktor, Luther Umbrella academy
35%
Clary, Jace, Alec Shadowhunter
29%
Walter, Jesse, Skyler Breaking Bad
27%
Geralt, Yennefer, Ciri The Witcher
24%
Rory, Lorelai, Jess Gilmore Girls
23%
Nick, Charlie, Elle Heartstopper
23%
Patty, Bob, Brick Insatiable
21%
Anne, Gilbert, Diana Anne avec un e
19%
Monse, Ruby, César On My Block
19%
Simon, Daphne, Kate Les Chroniques de Bridgerton
18%
Arisu, Chōta, Usagi Alice in borderland
17%
Wilhelm, Simon, August Young Royals
17%
Michaela, Ben, Jared Manifest
16%
Pipper, Alex, Suzanne Orange Is the New Black
16%
Chiara, Ludo, Damiano Baby
14%
Sabrina, Harvey, Ambrose Les Nouvelles Aventures de Sabrina
13%
Violette, Klaus, Prunille Les désastreuses aventures des orphelins Baudelaires
9%
Nate, Addy, Bronwyn Qui ment ?
8%
Layan, Mariam, Noaf AlRawabi School for Girls
7%
Sofia, Raul, Javier Control z
6%
Allie, Harry, Elle The society
4%
Zoa, Africa, Gabi Bienvenidos a Edén
3%
Camila, Zacarias, Simon En un battement
3%
Judy, Jen, Ben Dead to me
2%
Camila, Miguel, David Faux profil
2%
Melanie, Andre, Mr Wilford Snowpiercer
2%
Alyssa, James, Bonnie The End of the F***ing World
2%
Joey, Leila, Bo Grand army
1%
Anthony, Elizabeth, Cassandra Skins
1%
Aucun quiz correspondant
Distribution des résultats
% des personnes avec chaque résultat
Percentile par nombre de réponses
Votre historique - résultats
Vous n’avez pas pris ce quiz